Martial Arts for Beginners /

Guardado en:
Bibliografiske detaljer
Hovedforfatter: Sieh, Ron (autor)
Andre forfattere: Wilson, Terry (ilustración) (ilustración)
Format: Bog
Sprog:engelsk
Udgivet: Nueva York, EUA : Writers and Readers, 1995, c1995
Serier:(Beginners Documentary Comic Book)
Fag:
Tags: Tilføj Tag
Ingen Tags, Vær først til at tagge denne postø!

MARC

LEADER 00000nam^a2200000^a^4500
001 000165297
005 20250521000000.0
009 20260310101014.786
020 |a 0-86316-171-5 
037 |a Acervo ITESO - Biblioteca 
041 |a ING 
082 |a 920. 02  |b PRI V. 128 
100 |a Sieh, Ron  |e (autor) 
240 1 1 |a [Principiantes] 
245 1 0 |a Martial Arts for Beginners /  |c R. Sieh ; il. de T. Wilson. 
264 4 |a Nueva York, EUA :  |b Writers and Readers,  |c 1995, c1995 
300 |a 155 p. 
336 |a texto  |b txt  |2 rdacontenido 
337 |a sin mediación  |b n  |2 rdamedio 
338 |a volumen  |b nc  |2 rdasoporte 
440 1 |a (Beginners Documentary Comic Book) 
649 |a XX 
650 |a Defensa Personal 
650 |a Ejercicio Físico 
650 |a Deportes 
650 |a Artes Marciales -  |z China 
650 |a Artes Marciales -  |z Japón 
650 |a Artes Marciales -  |z Filipinas 
650 |a Artes Marciales -  |z Brasil 
650 |a Artes Marciales -  |z Corea 
650 |a Artes Marciales -  |z Tailandia 
650 |a Artes Marciales -  |z Indonesia 
650 |a Prácticas Culturales 
650 |a Filosofías Orientales 
650 |a Oriente -  |x Historia 
650 |a Deportes 
700 |a Wilson, Terry  |e (ilustración) 
910 |a Fondo General 
920 |a Impresos - Libros 
930 |a Colección General 
905 |a 101 
901 |a 0500099894  |b IT1  |c ACC  |u 20250521 
902 |a https://opac.biblio.iteso.mx/vufind/Record/000165297